000 00845nam a2200277 i 4500
001 bg
100 1 _aSEDAYAO, Jeff
245 1 0 _aCisco IOS - listy dostępu /
_cJeff Sedayao ; [tł. Krzysztof Banaszek].
246 _iTyt. oryg.:
_aCisco IOS access lists
260 _aWarszawa :
_b"RM",
_ccop. 2001.
300 _aX, 259, [2] s. ;
_c24 cm.
490 1 _aBiblioteczka Administratora Sieci
500 _aTyt. oryg.: "Cisco IOS access lists" 2001.
504 _aIndeks.
650 9 _aIOS
655 _aPodręczniki
830 _aBiblioteczka Administratora Sieci
020 _a8372431965
040 _cBPK
041 1 _apl
_hen
080 _a004.451:004.77](07)
920 _a83-7243-196-5
942 _cKS
008 s pl f |000 0 pol
999 _c41838
_d41838
856 _uhttp://koha.tu.koszalin.pl/cgi-bin/koha/opac-detail.pl?biblionumber=41838
_yKatalog online BPK